<?xml version="1.0" encoding="UTF-8"?><?xml-stylesheet type="text/xsl" href="static/style.xsl"?><OAI-PMH xmlns="http://www.openarchives.org/OAI/2.0/" xmlns:xsi="http://www.w3.org/2001/XMLSchema-instance" xsi:schemaLocation="http://www.openarchives.org/OAI/2.0/ http://www.openarchives.org/OAI/2.0/OAI-PMH.xsd"><responseDate>2026-04-13T02:35:03Z</responseDate><request verb="GetRecord" identifier="oai:www.recercat.cat:2445/225955" metadataPrefix="marc">https://recercat.cat/oai/request</request><GetRecord><record><header><identifier>oai:recercat.cat:2445/225955</identifier><datestamp>2026-04-07T22:32:40Z</datestamp><setSpec>com_2072_1057</setSpec><setSpec>col_2072_478781</setSpec><setSpec>col_2072_478917</setSpec></header><metadata><record xmlns="http://www.loc.gov/MARC21/slim" xmlns:dcterms="http://purl.org/dc/terms/" xmlns:xsi="http://www.w3.org/2001/XMLSchema-instance" xmlns:doc="http://www.lyncode.com/xoai" xsi:schemaLocation="http://www.loc.gov/MARC21/slim http://www.loc.gov/standards/marcxml/schema/MARC21slim.xsd">
   <leader>00925njm 22002777a 4500</leader>
   <datafield ind2=" " ind1=" " tag="042">
      <subfield code="a">dc</subfield>
   </datafield>
   <datafield ind2=" " ind1=" " tag="720">
      <subfield code="a">Lumbreras Ruiz, Victoria</subfield>
      <subfield code="e">author</subfield>
   </datafield>
   <datafield ind2=" " ind1=" " tag="720">
      <subfield code="a">Campos Martínez, Narciso</subfield>
      <subfield code="e">author</subfield>
   </datafield>
   <datafield ind2=" " ind1=" " tag="720">
      <subfield code="a">Boronat i Margosa, Albert</subfield>
      <subfield code="e">author</subfield>
   </datafield>
   <datafield ind2=" " ind1=" " tag="260">
      <subfield code="c">2026-01-22T12:43:27Z</subfield>
   </datafield>
   <datafield ind2=" " ind1=" " tag="260">
      <subfield code="c">2026-01-22T12:43:27Z</subfield>
   </datafield>
   <datafield ind2=" " ind1=" " tag="260">
      <subfield code="c">1995-10</subfield>
   </datafield>
   <datafield ind2=" " ind1=" " tag="260">
      <subfield code="c">2026-01-22T12:43:27Z</subfield>
   </datafield>
   <datafield ind2=" " ind1=" " tag="520">
      <subfield code="a">The enzyme 3-hydroxy-3-methylglutaryl-CoA reductase (HMGR, EC 1.1.1.34) catalyses the synthesis of mevalonate, the committed precursor of the great variety of isoprenoid compounds and derivatives synthesized in higher plants. It has previously been reported that Arabidopsis thaliana contains two differentially expressed genes, HMG1 and HMG2, that encode two HMGR isoforms (HMGR1 and HMGR2, respectively). This paper reports the characterization of a novel HMGR mRNA (HMGR1L mRNA) derived from the HMG1 gene. This mRNA is initiated 121 bp upstream from the transcription start site previously characterized. In contrast with the previously reported HMGR1 mRNA (HMGR1S mRNA), which is detected at high levels in all tissues of the plant, HMGR1L mRNA is present at relatively low levels and its expression is restricted mostly to seedlings, roots and inflorescences. HMGR1L and HMGR1S mRNAs are transcribed from alternative promoters. HMGR1L mRNA contains an in-phase AUG start codon which allows the synthesis of a novel HMGR isoform (HMGR1L) having 50 additional amino acid residues at its N-terminal end. Using an in vitro transcription-translation system we have shown that HMGR1L is inserted into ER-derived microsomes. It is thus unlikely that the extended N-terminal region of HMGR1L might have a role in targeting the enzyme to plastids or mitochondria. These results support the previous proposal that the endoplasmic reticulum is the only cell compartment for the primary targeting of HMGR in Arabidopsis and reinforce the view that plant HMGR is under the control of complex mechanims operating at both transcriptional and post-transcriptional levels.</subfield>
   </datafield>
   <datafield tag="653" ind2=" " ind1=" ">
      <subfield code="a">Genètica molecular vegetal</subfield>
   </datafield>
   <datafield tag="653" ind2=" " ind1=" ">
      <subfield code="a">Biologia molecular vegetal</subfield>
   </datafield>
   <datafield tag="653" ind2=" " ind1=" ">
      <subfield code="a">Enzimologia</subfield>
   </datafield>
   <datafield tag="653" ind2=" " ind1=" ">
      <subfield code="a">Plant molecular genetics</subfield>
   </datafield>
   <datafield tag="653" ind2=" " ind1=" ">
      <subfield code="a">Plant molecular biology</subfield>
   </datafield>
   <datafield tag="653" ind2=" " ind1=" ">
      <subfield code="a">Enzymology</subfield>
   </datafield>
   <datafield ind2="0" ind1="0" tag="245">
      <subfield code="a">The use of an alternative promoter in the Arabidopsis thaliana HMG1 gene generates an mRNA that encodes a novel 3-hydroxy-3-methylglutaryl Coenzyme A reductase isoform with an extended N-terminal region</subfield>
   </datafield>
</record></metadata></record></GetRecord></OAI-PMH>